Processo Trabalhista Queste̳s Polm̊icas /

Detalles Bibliográficos
Autor principal: Canuto, Raimundo
Formato: eBook
Lenguaje:portugués
Publicado: San Pablo: JH Mizuno, 2016
Materias:
Acceso en línea:Acceso restringido

MARC

LEADER 00000nam a22000007a 4500
005 2018030406206.0
007 cr|||| |||
008 180304s2016 br |||||s|||| 00||0 por d
020 |a 978-85-7789-236-5 
035 |a 21026 
040 |a vLex 
090 |c 7446  |d 7446 
100 1 |a Canuto, Raimundo 
245 1 0 |a Processo Trabalhista  |h [Recurso electrn̤ico] :  |b Queste̳s Polm̊icas /  |c Raimundo Canuto 
256 |a Servicio en ln̕ea 
260 |a San Pablo:  |b JH Mizuno,  |c 2016 
300 |a 1 recurso electrn̤ico 
500 |a Por que as verbas trabalhistas geram tanta polm̊ica? Os motivos estô sendo mostrados e amplamente comentados neste livro. Destina-se esta obra a advogados, juz̕es do trabalho, contadores, peritos judiciais, calculistas, estudantes de direito, enfim, a todas as pessoas que tenham relaȯ̂ profissional ligada ̉Justiȧ do Trabalho. O objetivo deste trabalho ̌mostrar, de forma comentada, os pontos que mais causam dv︢idas e polm̊icas no processo trabalhista em relaȯ̂ s̉ verbas e valores. Aos itens polm̊icos e conflitantes aqui enfocados, seguem alguns exemplos prt̀icos e sugeste̳s de soluȯ̂. 
506 1 |a Disponible solo en los productos indicados  |d vLex Global  |d vLex Global (Academic Edition, excluding Law Schools)  |d vLex Global (U.S. Academic Edition, Law Schools)  |d vLex Global (U.S. Academic Edition, excluding Law Schools)  |d vLex Global (Academic Edition, Law Schools) 
650 0 4 |a Derecho Laboral y Seguridad Social  |z Brasil 
650 0 4 |a Derecho Procesal  |z Brasil 
650 0 4 |a Procedimiento Laboral  |z Brasil 
740 0 |a vLex Libros (Servicio en ln̕ea) 
856 4 0 |u http://vlex.com/source/processo-trabalhista-quest-es-pol-micas-21026  |z Acceso restringido 
942 |c BOOK 
999 0 |a Labor Law and Social Security 
999 0 |a Procedural Law 
999 0 |a Labor Procedure